|
|
|
|
| LEADER |
02365nam a2200493 a 4500 |
| 001 |
000424545 |
| 003 |
CZ BrMZK |
| 005 |
20220926102311.0 |
| 007 |
ta |
| 008 |
990315s1999 xr e 0 cze d |
| 015 |
|
|
|a cnb000770975
|
| 020 |
|
|
|a 80-210-2026-1
|
| 035 |
|
|
|a (OCoLC)43613448
|
| 040 |
|
|
|a BOA001
|b cze
|
| 045 |
|
|
|a w3x1
|
| 072 |
|
7 |
|a 821.112.2.09
|x Německá literatura, německy psaná (o ní)
|2 Konspekt
|9 11
|
| 080 |
|
|
|a 821.112.2(436)-055.2
|2 MRF
|
| 080 |
|
|
|a 821.112.2(436)
|2 MRF
|
| 080 |
|
|
|a 82.09
|2 MRF
|
| 080 |
|
|
|a 929
|2 MRF
|
| 080 |
|
|
|a (062.534)
|2 MRF
|
| 100 |
1 |
|
|a Ebner-Eschenbach, Marie von,
|d 1830-1916
|7 jn19990001964
|4 hnr
|
| 245 |
1 |
0 |
|a Marie von Ebner-Eschenbach - Život a dílo /
|c uspořádali František Valouch a Jana Stareksborník příspěvků ze sympozia, pořádaného ve dnech 3.-4. května 1995 v Arcibiskupském zámku v Kroměříži Obcí moravskoslezských spisovatelů, Rakouským ústavem pro východní a jihovýchodní Evropu, odbočka Brno (...)
|
| 246 |
3 |
3 |
|a Marie von Ebner-Eschenbach - Leben und Werk
|
| 250 |
|
|
|a 1. vyd.
|
| 260 |
|
|
|a Brno :
|b Masarykova univerzita,
|c 1999
|
| 300 |
|
|
|a 109 s., [8] s. obrazových příloh ;
|c 24 cm
|
| 500 |
|
|
|a Náz., text a souhrny něm.
|
| 500 |
|
|
|a Dostupné též v digitální podobě v aplikaci Kramerius
|
| 600 |
1 |
7 |
|a Ebner-Eschenbach, Marie von,
|d 1830-1916
|7 jn19990001964
|
| 648 |
|
7 |
|a 19.-20. století
|7 ch757015
|
| 648 |
|
4 |
|a 1830-1916
|
| 650 |
0 |
7 |
|a rakouské spisovatelky
|7 ph125020
|y 19.-20. století
|2 czenas
|
| 650 |
0 |
7 |
|a rakouská literatura
|7 ph125011
|y 19.-20. století
|2 czenas
|
| 650 |
0 |
7 |
|a literárněvědné rozbory
|7 ph138745
|2 czenas
|
| 655 |
|
7 |
|a sborníky konferencí
|7 fd133333
|2 czenas
|
| 700 |
1 |
|
|a Starek, Jana
|4 com
|
| 700 |
1 |
|
|a Valouch, František,
|d 1935-2017
|7 jk01141325
|4 com
|
| 856 |
4 |
1 |
|u http://www.digitalniknihovna.cz/mzk/uuid/uuid:3b42d590-2ad3-11e5-b44d-005056827e51
|y Digitalizovaný dokument
|x NDK
|
| 910 |
|
|
|a BOA001
|b 2-1060.660
|b RK-0003.858
|
| 990 |
|
|
|a BK
|
| 996 |
7 |
|
|b 2610094872
|c 2-1060.660
|l MZK
|r Sklad / do 1 hodiny
|n 37
|p dar
|w 000424545
|u 000010
|a 1
|e BOA001
|j MZK50
|s A
|
| 996 |
6 |
|
|b 2610094873
|c 2-1060.660
|l MZK
|r Sklad / do 1 hodiny
|n 12
|p dar
|w 000424545
|u 000020
|a 1
|e BOA001
|j MZK50
|s P
|
| 996 |
7 |
|
|b 261A004666
|c RK-0003.858
|l Rakouská knihovna/2.patro
|r ZHR
|n 20
|p {1-LW-03.858}
|h LW-ebn
|w 000424545
|u 000030
|a 0
|e BOA001
|j MZK50
|s A
|